Supporting children with speech and language impairment and associated difficulties: (Record no. 16833)
[ view plain ]
| 000 -LEADER | |
|---|---|
| fixed length control field | 00836nam a22002177a 4500 |
| 003 - CONTROL NUMBER IDENTIFIER | |
| control field | OSt |
| 005 - DATE AND TIME OF LATEST TRANSACTION | |
| control field | 20180507160922.0 |
| 008 - FIXED-LENGTH DATA ELEMENTS--GENERAL INFORMATION | |
| fixed length control field | 180507b xxu||||| |||| 00| 0 eng d |
| 020 ## - INTERNATIONAL STANDARD BOOK NUMBER | |
| International Standard Book Number | 9780826491039 |
| 040 ## - CATALOGING SOURCE | |
| Transcribing agency | KABU |
| 050 ## - LIBRARY OF CONGRESS CALL NUMBER | |
| Classification number | RJ 506 |
| Item number | .S68M36 2006 C.1 |
| 100 ## - MAIN ENTRY--PERSONAL NAME | |
| Personal name | McMinn, Jill |
| 245 ## - TITLE STATEMENT | |
| Title | Supporting children with speech and language impairment and associated difficulties: |
| Remainder of title | suggestions for supporting the development of language, listening, behaviour and co-ordination skills/ |
| Statement of responsibility, etc. | Jill McMinn. |
| 250 ## - EDITION STATEMENT | |
| Edition statement | 2nd ed. |
| 260 ## - PUBLICATION, DISTRIBUTION, ETC. (IMPRINT) | |
| Place of publication, distribution, etc. | Great Britain: |
| Name of publisher, distributor, etc. | Continuum; |
| Date of publication, distribution, etc. | 2006 |
| 300 ## - PHYSICAL DESCRIPTION | |
| Extent | 190p. |
| 650 ## - SUBJECT ADDED ENTRY--TOPICAL TERM | |
| Topical term or geographic name as entry element | Specific language impairment in children |
| 650 ## - SUBJECT ADDED ENTRY--TOPICAL TERM | |
| Topical term or geographic name as entry element | Specific language impairment in children |
| Form subdivision | Patients |
| General subdivision | Education |
| 650 ## - SUBJECT ADDED ENTRY--TOPICAL TERM | |
| Topical term or geographic name as entry element | Specific language impairment in children |
| Form subdivision | Patients |
| General subdivision | Rehabitation |
| 942 ## - ADDED ENTRY ELEMENTS (KOHA) | |
| Source of classification or shelving scheme | Library of Congress Classification |
| Koha item type | General Collection |
| Withdrawn status | Lost status | Source of classification or shelving scheme | Not for loan | Home library | Current library | Date acquired | Cost, normal purchase price | Inventory number | Total Checkouts | Full call number | Barcode | Date last seen | Copy number | Price effective from | Koha item type |
|---|---|---|---|---|---|---|---|---|---|---|---|---|---|---|---|
| Library of Congress Classification | Kabarak, Main Campus | Kabarak, Main Campus | 07/05/2018 | 5280.00 | 2018/0809 | RJ 506 .S68M36 2006 C.1 | 024565 | 07/05/2018 | C.1 | 07/05/2018 | General Collection |